MARC

LEADER 00000nam0a2200000 4500
001 273527
005 20231101234635.0
020 |a RU  |b 86-26194 
035 |a (RuTPU)RU\TPU\book\296736 
090 |a 273527 
100 |a 20141027d1986 k y0rusy5003 ca 
101 0 |a rus 
102 |a RU 
105 |a a z 001zy 
200 1 |a Автоматизация проектирования штампов для холодной листовой штамповки  |f А. Д. Аникин [и др.] 
210 |a Ленинград  |c Машиностроение  |c Ленингр. отд-ние  |d 1986 
215 |a 192 с.  |c ил. 
300 |a Авт. указаны на обороте тит. л. 
320 |a Библиогр.: с. 190-192 (60 назв.) 
606 1 |a Штампы для холодной штамповки  |x Проектирование  |x Автоматизация  |2 stltpush  |3 (RuTPU)RU\TPU\subj\19540  |9 44771 
610 1 |a холодная листовая штамповка 
610 1 |a автоматизированное проектирование 
610 1 |a разделительные штампы 
610 1 |a гибочные штампы 
610 1 |a САПР 
610 1 |a технологическая подготовка 
610 1 |a информационное обеспечение 
610 1 |a математическое обеспечение 
610 1 |a программное обеспечение 
675 |a 621.983.3.07  |v 3 
701 1 |a Аникин  |b А. Д.  |g Анатолий Дмитриевич 
701 1 |a Крылов  |b Г. В.  |g Герман Владимирович 
701 1 |a Лукичев  |b А. Н.  |g Алексей Николаевич 
701 1 |a Петрова  |b Н. А.  |g Нина Анатольевна 
801 0 |a RU  |b RuMRKP  |c 19950704  |g psbo 
801 1 |a RU  |b 63413507  |c 20141027 
801 2 |a RU  |b 63413507  |c 20160527  |g RCR 
942 |c BK